000 00736nam a2200205 a 4500
008 120416s1984 ||||||||||||||||| || u
020 _a067316604X
050 _aHD 31 Szi
100 _aSzilagyi, Andrew D
245 1 0 _aManagement and performance
250 _a2nd. ed.
260 _aGlenview, Ill.
_bScott, Foresman
_c1984
300 _axvi, 736p. : ill
350 _a0.00
490 _aThe Scott, Foresman series in management and organizations
500 _aIncludes bibliographical references and indexes.
650 _aORGANIZATIONAL EFFECTIVENESS
650 0 _aMANAGEMENT
995 _D0.00
_FCBU-MAIN LIBRARY (Kitwe)
_H1
_I24.75
_M1
_UDAMAGED
_ZMain Library Open Access Collection
999 _c49882
_d49882